000 00459nam a2200181Ia 4500
001 16250
005 20260306170255.0
008 260306t2003||||xx |||||||||||||| ||und||
041 _aESP
082 _a347.51
_bH94 T. 1
100 _aHundskopf Exebio, Oswaldo
_eAUT
245 0 _aTratado de derecho mercantil:
_bderecho societario
260 _c2003
300 _a1405 páginas :
_c24 cm.
650 _aGEN
654 _aCDE
942 _cLIB
_dJUS
_fJUS
_2ddc
_n
999 _c16250
_d16250